Southville International School and Colleges
Your cart is empty.
  • Cart
  • Lists
    Public lists list_1 View all
    Your lists Log in to create your own lists
  • Log in to your account
  • Your cookies
  • Search history
Southville International School and Colleges
  • Advanced search
  • Recent comments
  • Most popular
  • Libraries

Log in to your account

Log in with GOOGLE


If you do not have an external account, but do have a local account, you can still log in:

  1. Home
  2. MARC view: Learn about strangers.
Normal view MARC view ISBD view

Learn about strangers. (Record no. 115296)

[ view plain ]
MARC details
000 -LEADER
fixed length control field 00479nam a2200193 a 4500
003 - CONTROL NUMBER IDENTIFIER
control field 0
005 - DATE AND TIME OF LATEST TRANSACTION
control field 20170412092249.0
008 - FIXED-LENGTH DATA ELEMENTS--GENERAL INFORMATION
fixed length control field 131113s19uu xx 00 eng d
020 ## - INTERNATIONAL STANDARD BOOK NUMBER
International Standard Book Number 9780394873343
050 ## - LIBRARY OF CONGRESS CALL NUMBER
Classification number TR
Item number Str894 1985
100 ## - MAIN ENTRY--PERSONAL NAME
Personal name Berenstain, Stan & Jan
245 ## - TITLE STATEMENT
Title Learn about strangers.
260 ## - PUBLICATION, DISTRIBUTION, ETC. (IMPRINT)
Place of publication, distribution, etc USA :
Name of publisher, distributor, etc Random House,
Date of publication, distribution, etc c1985.
300 ## - PHYSICAL DESCRIPTION
Extent 28
440 ## - SERIES STATEMENT/ADDED ENTRY--TITLE
Title The Berenstain Bears
650 ## - SUBJECT ADDED ENTRY--TOPICAL TERM
Topical term or geographic name as entry element Golden rules-
General subdivision manners
942 ## - ADDED ENTRY ELEMENTS (KOHA)
Source of classification or shelving scheme Dewey Decimal Classification
Koha item type Books
Holdings
Withdrawn status Lost status Source of classification or shelving scheme Damaged status Home library Current library Shelving location Date acquired Source of acquisition Cost, normal purchase price Total Checkouts Full call number Barcode Date last seen Price effective from Koha item type
    Dewey Decimal Classification   Munich Library Munich Library Teachers Reference Section 11/13/2013 Donation 175.00   TR Str894 1985 MS7318 04/14/2014 04/14/2014 Books

Learn about strangers.

APA

Berenstain S. &. J., . (1985). Learn about strangers. USA: Random House.

Chicago

Berenstain Stan & Jan, . 1985. Learn about strangers. USA: Random House.

Harvard

Berenstain S. &. J., . (1985). Learn about strangers. USA: Random House.

MLA

Berenstain Stan & Jan, . Learn about strangers. USA: Random House. 1985.

  • Place hold
  • Print
  • Cite
  • Add to your cart (remove)
  • Save record
    BIBTEX Dublin Core MARCXML MARC (non-Unicode/MARC-8) MARC (Unicode/UTF-8) MARC (Unicode/UTF-8, Standard) MODS (XML) RIS
  • More searches
    Search for this title in:
    Other Libraries (WorldCat) Other Databases (Google Scholar) Online Stores (Bookfinder.com) Open Library (openlibrary.org)

Exporting to Dublin Core...

SOUTHVILLE LIBRARY

Southville International School and Colleges Library

1281 Tropical Ave. Cor. Luxembourg St., BF Homes International, Las Pinas City

Tel. No. 8256374 / 252358 Loc. 117/146

Powered by Koha